00589nam a2200193Ia 4500008004100000020000700041082001500048100004300063245001200106250000700118260003500125300002800160500001900188600003300207650001200240942000700252952012100259999001500380240925s9999 xx 000 0 und d aNA a531.12 PES aPestel, Eduard C.; Thomson, William T. 0aStatics aNA aToronto:bMc Graw-Hillc,1969. axii,546p.bNAfOriginal aIncludes Index aHumanities & Natural Science aPhysics cBK 001040708HUMaUITUbUITUd1997-11-18eUIT Fruit Canadal0o531.12 PESpQ1198r2024-09-25 07:12:21w2024-09-25yBK c3697d3697